[Event "Quebec op"]
[Site "Montreal"]
[Date "2023.08.04"]
[Round "9"]
[White "Gueorguiev, Valentin"]
[Black "Singher, Jean Pierre"]
[Result "1-0"]
[WhiteElo "1917"]
[BlackElo "1934"]
[PlyCount "38"]
[EventDate "2023.07.29"]
[EventType "swiss"]
[EventRounds "9"]
[EventCountry "CAN"]
[SourceTitle "CBM 215 Extra"]
[Source "ChessBase"]
[SourceDate "2023.09.30"]
[SourceVersion "1"]
[SourceVersionDate "2023.09.30"]
[SourceQuality "1"]

1. d4 Nf6 2. Bf4 c5 3. d5 d6 4. Nc3 a6 5. a4 e5 6. Bg3 Nh5 7. e4 Nxg3 8. hxg3 g6 9. Qd2 h5 10. Be2 Bh6 11. f4 Qf6 12. Nf3 exf4 13. e5 dxe5 14. Ne4 Qb6 15. Qc3 0-0 16. gxf4 Bxf4 17. Nxe5 Re8 18. Nc4 Bg4 19. Nxb6 Rxe4 1-0

[Event "Quebec op"]
[Site "Montreal"]
[Date "2023.07.29"]
[Round "1"]
[White "Rodrigue Lemieux, Shawn"]
[Black "Singher, Jean Pierre"]
[Result "1-0"]
[WhiteElo "2495"]
[BlackElo "1934"]
[PlyCount "95"]
[EventDate "2023.07.29"]
[EventType "swiss"]
[EventRounds "9"]
[EventCountry "CAN"]
[SourceTitle "CBM 215 Extra"]
[Source "ChessBase"]
[SourceDate "2023.09.30"]
[SourceVersion "1"]
[SourceVersionDate "2023.09.30"]
[SourceQuality "1"]

1. a3 d5 2. Nf3 Nf6 3. d4 e6 4. e3 c5 5. b3 Nc6 6. Bd3 Qc7 7. Bb2 Bd6 8. c4 cxd4 9. exd4 b6 10. Nc3 a6 11. 0-0 0-0 12. Rc1 Bb7 13. Re1 Rfe8 14. Rc2 Rad8 15. Nb5 axb5 16. cxb5 Qd7 17. bxc6 Bxc6 18. Ne5 Bxe5 19. dxe5 Ne4 20. Bd4 Rc8 21. Bxb6 Qb7 22. Bd4 f6 23. Bxe4 dxe4 24. exf6 e5 25. Be3 Qxb3 26. fxg7 Red8 27. Qc1 Bd7 28. Rc7 Be6 29. Qc5 Rxc7 30. Qxc7 Rd1 31. Bd2 Rxd2 32. Qe7 h6 33. h4 Rd1 34. Rxd1 Qxd1+ 35. Kh2 Qd5 36. a4 Kh7 37. a5 Bg8 38. a6 Qe6 39. Qb7 Qf5 40. Kg1 Qf4 41. g3 Qc1+ 42. Kg2 Qc2 43. a7 e3 44. a8Q Qxf2+ 45. Kh1 e2 46. Qe4+ Kxg7 47. Qxe5+ Kf7 48. Qae8# 1-0

[Event "Montreal CC-ch"]
[Site "Montreal"]
[Date "2017.06.09"]
[Round "1.11"]
[White "Tesar, Mathias"]
[Black "Singher, Jean Pierre"]
[Result "0-1"]
[WhiteElo "1422"]
[BlackElo "2095"]
[PlyCount "68"]
[EventDate "2017.06.09"]
[EventType "swiss"]
[EventRounds "5"]
[EventCountry "CAN"]
[SourceTitle "EXT 2022"]
[Source "ChessBase"]
[SourceDate "2021.10.06"]
[SourceVersion "1"]
[SourceVersionDate "2021.10.06"]
[SourceQuality "1"]

1. d4 Nf6 2. Bf4 d5 3. e3 c5 4. c3 Nc6 5. Bd3 e6 6. Nf3 Bd6 7. Bg3 Qe7 8. Ne5 Bxe5 9. dxe5 Nd7 10. f4 c4 11. Bc2 Qc5 12. Bf2 Qe7 13. Qh5 Nc5 14. Bh4 Qc7 15. 0-0 Ne7 16. Nd2 Nf5 17. Bxf5 exf5 18. Rfd1 Be6 19. Nf3 h6 20. Nd4 g6 21. Nxe6 Nxe6 22. Qf3 g5 23. Bg3 0-0-0 24. Rxd5 Rxd5 25. Qxd5 Rd8 26. Qf3 g4 27. Qe2 Rd3 28. Rd1 Qd7 29. Rxd3 cxd3 30. Qd2 Nc5 31. Be1 Ne4 32. Qd1 d2 33. Bf2 Qb5 34. Qc2 Qxb2 0-1

[Event "Montreal Mercredi 05"]
[Site "Montreal"]
[Date "2017.05.31"]
[Round "4"]
[White "Singher, Jean Pierre"]
[Black "Zhong, Kevin"]
[Result "1-0"]
[WhiteElo "2001"]
[BlackElo "1905"]
[PlyCount "65"]
[EventDate "2017.05.10"]
[EventType "swiss"]
[EventRounds "5"]
[EventCountry "CAN"]
[SourceTitle "EXT 2022"]
[Source "ChessBase"]
[SourceDate "2021.10.06"]
[SourceVersion "1"]
[SourceVersionDate "2021.10.06"]
[SourceQuality "1"]

1. d4 d5 2. Nf3 c5 3. e3 Nc6 4. c4 e6 5. Nc3 Nf6 6. a3 Ne4 7. Bd3 Nxc3 8. bxc3 dxc4 9. Bxc4 Be7 10. 0-0 0-0 11. e4 cxd4 12. cxd4 Qc7 13. Bb2 Bf6 14. e5 Be7 15. Rc1 Rd8 16. Qe2 a6 17. Qe4 g6 18. Ba2 Bd7 19. h4 Rac8 20. h5 Kg7 21. d5 exd5 22. e6+ f6 23. Bxd5 Be8 24. Bxc6 Bxc6 25. Qh4 Rd5 26. Bxf6+ Bxf6 27. h6+ Kg8 28. Qxf6 Rf8 29. Qc3 Rh5 30. Rfd1 Rxf3 31. Rd8+ Rf8 32. Qh8+ Kxh8 33. Rxf8# 1-0

[Event "Montreal Mercredi 05"]
[Site "Montreal"]
[Date "2017.05.24"]
[Round "3"]
[White "Zheng, Richard"]
[Black "Singher, Jean Pierre"]
[Result "0-1"]
[WhiteElo "1923"]
[BlackElo "2001"]
[PlyCount "114"]
[EventDate "2017.05.10"]
[EventType "swiss"]
[EventRounds "5"]
[EventCountry "CAN"]
[SourceTitle "EXT 2022"]
[Source "ChessBase"]
[SourceDate "2021.10.06"]
[SourceVersion "1"]
[SourceVersionDate "2021.10.06"]
[SourceQuality "1"]

1. d4 Nf6 2. c4 e6 3. Nc3 d5 4. cxd5 exd5 5. Bg5 Nbd7 6. e3 Be7 7. Bd3 0-0 8. Nge2 a6 9. 0-0 Re8 10. Qc2 h6 11. Bh4 b5 12. Rad1 Bb7 13. Rfe1 Rc8 14. a3 Ne4 15. Bxe7 Qxe7 16. Nxe4 dxe4 17. Ng3 exd3 18. Qxd3 c5 19. e4 g6 20. f3 cxd4 21. Qxd4 Qc5 22. Qxc5 Nxc5 23. b4 Ne6 24. Rd7 Bc6 25. Ra7 Ra8 26. Rxa8 Rxa8 27. Rc1 Bb7 28. Kf2 Rc8 29. Ra1 Rc2+ 30. Ke3 Rxg2 31. Ne2 Kf8 32. a4 Rxh2 33. axb5 axb5 34. Ra7 Bc6 35. Ra6 Ke7 36. Nc3 Nd8 37. Kd4 Rd2+ 38. Kc5 Rc2 39. Kd4 Bb7 40. Rb6 Nc6+ 41. Kd3 Nxb4+ 42. Kd4 Rd2+ 43. Kc5 Na6+ 44. Kxb5 Rb2+ 45. Ka5 Rxb6 46. Kxb6 Bc8 47. Nd5+ Ke6 48. Nf4+ Ke5 49. Nd5 Be6 50. Kxa6 Bxd5 51. exd5 Kxd5 52. Kb6 h5 53. Kc7 h4 54. Kd7 h3 55. Ke7 h2 56. Kxf7 h1Q 57. Kxg6 Qxf3 0-1

[Event "Montreal Pere Noel op"]
[Site "Montreal"]
[Date "2013.12.28"]
[Round "3"]
[White "Yu, Zong Yang"]
[Black "Singher, Jean Pierre"]
[Result "1-0"]
[WhiteElo "2112"]
[BlackElo "1963"]
[PlyCount "51"]
[EventDate "2013.12.26"]
[EventType "swiss"]
[EventRounds "5"]
[EventCountry "CAN"]
[SourceTitle "CBM 158 Extra"]
[Source "ChessBase"]
[SourceDate "2014.02.28"]
[SourceVersion "1"]
[SourceVersionDate "2014.02.28"]
[SourceQuality "1"]

1. d4 Nf6 2. c4 e6 3. Nf3 d5 4. Nc3 a5 5. cxd5 exd5 6. Bg5 Be7 7. e3 0-0 8. Bd3 c6 9. Qc2 Nbd7 10. g4 c5 11. Bxf6 Nxf6 12. g5 Ne4 13. Nxd5 Qxd5 14. Bxe4 Qe6 15. d5 Qh3 16. 0-0-0 Bd6 17. Nd2 b5 18. Rdg1 g6 19. Bg2 Qh4 20. Ne4 Bf5 21. Nf6+ Kh8 22. Be4 Bxe4 23. Nxe4 Be5 24. f4 Bg7 25. Rg3 Rfe8 26. Qg2 1-0

[Event "Montreal Cup-B"]
[Site "Montreal"]
[Date "2005.10.19"]
[Round "1"]
[White "Le Duin, Thierry"]
[Black "Singher, Jean Pierre"]
[Result "1-0"]
[WhiteElo "2067"]
[BlackElo "2043"]
[PlyCount "87"]
[EventDate "2005.10.19"]
[EventType "tourn"]
[EventRounds "5"]
[EventCountry "CAN"]
[SourceTitle "EXT 2009"]
[Source "ChessBase"]
[SourceDate "2008.11.26"]
[SourceVersion "1"]
[SourceVersionDate "2008.11.26"]
[SourceQuality "1"]

1. d4 Nf6 2. Nf3 d5 3. c3 c5 4. Bf4 e6 5. e3 Nc6 6. Nbd2 Bd6 7. Bg5 Qb6 8. Qb3 Qc7 9. Be2 cxd4 10. exd4 Bd7 11. Bd3 Nh5 12. g3 h6 13. Be3 0-0 14. Qd1 Nf6 15. 0-0 Ng4 16. Nh4 e5 17. Bf5 Nxe3 18. fxe3 exd4 19. exd4 Rae8 20. Qg4 Be6 21. Rae1 Qd7 22. Bxe6 fxe6 23. Ndf3 Rf6 24. Ng6 Qf7 25. Nge5 Nxe5 26. Nxe5 Bxe5 27. dxe5 Rf5 28. Rxf5 Qxf5 29. Qxf5 exf5 30. e6 g6 31. Re5 Kg7 32. Rxd5 Kf6 33. Rd7 Re7 34. Kf2 g5 35. Rxe7 Kxe7 36. Ke3 Kxe6 37. Kd4 h5 38. c4 g4 39. b4 f4 40. gxf4 Kf5 41. Ke3 h4 42. c5 g3 43. hxg3 hxg3 44. b5 1-0

[Event "Quebec-ch qual1"]
[Site "Montreal"]
[Date "2005.05.01"]
[Round "4"]
[White "Singher, Jean Pierre"]
[Black "Ostaci, Liviu"]
[Result "1-0"]
[WhiteElo "2056"]
[BlackElo "1934"]
[PlyCount "69"]
[EventDate "2005.04.29"]
[EventType "swiss"]
[EventRounds "5"]
[EventCountry "CAN"]
[SourceTitle "CBM 106 Extra"]
[Source "ChessBase"]
[SourceDate "2005.07.01"]
[SourceVersion "1"]
[SourceVersionDate "2005.07.01"]
[SourceQuality "1"]

1. d4 Nf6 2. c4 g6 3. Nf3 Bg7 4. g3 0-0 5. Bg2 d6 6. 0-0 Nc6 7. Nc3 a6 8. h3 Rb8 9. e4 b5 10. Qe2 Bd7 11. e5 Ne8 12. cxb5 axb5 13. Bf4 b4 14. Ne4 h6 15. g4 f5 16. gxf5 Rxf5 17. Bg3 dxe5 18. dxe5 Nxe5 19. Nh4 Bb5 20. Qe3 Bxf1 21. Bxf1 Rh5 22. Be2 Rxh4 23. Bxh4 Nd6 24. Qb3+ Kh7 25. Nc5 Nf5 26. Rd1 Nd4 27. Qe3 Nxe2+ 28. Qxe2 Qe8 29. Ne6 Qf7 30. Nxg7 Nf3+ 31. Kf1 Kxg7 32. Rd7 Re8 33. Bxe7 Qf5 34. Bf6+ Kf8 35. Bg7+ 1-0

[Event "Quebec-ch qual1"]
[Site "Montreal"]
[Date "2005.04.29"]
[Round "1"]
[White "Singher, Jean Pierre"]
[Black "Joanis, Marc Andre"]
[Result "0-1"]
[WhiteElo "2056"]
[BlackElo "1688"]
[PlyCount "94"]
[EventDate "2005.04.29"]
[EventType "swiss"]
[EventRounds "5"]
[EventCountry "CAN"]
[SourceTitle "CBM 106 Extra"]
[Source "ChessBase"]
[SourceDate "2005.07.01"]
[SourceVersion "1"]
[SourceVersionDate "2005.07.01"]
[SourceQuality "1"]

1. Nf3 Nf6 2. d4 g6 3. g3 d5 4. Bg2 Bg7 5. 0-0 0-0 6. Nbd2 c6 7. c4 Nbd7 8. Qb3 dxc4 9. Nxc4 Nb6 10. Na5 Be6 11. Qc2 Bf5 12. Qb3 Be6 13. Qd1 Qc8 14. Ng5 Bd7 15. Bd2 h6 16. Nf3 Nbd5 17. Ne5 Rd8 18. e4 Nb6 19. Rc1 e6 20. Be3 Be8 21. Qd2 Qc7 22. Rfd1 Kh7 23. Qe2 Nbd7 24. b4 Nxe5 25. dxe5 Nd7 26. f4 Bf8 27. Qb2 Be7 28. a3 c5 29. Nb3 c4 30. Nd4 a6 31. f5 Qxe5 32. Bf4 Qf6 33. fxe6 fxe6 34. Bc7 Rdc8 35. e5 Nxe5 36. Rf1 Nd3 37. Qc3 Nxc1 38. Rxf6 Bxf6 39. Qxc1 Bxd4+ 40. Kf1 Rxc7 41. Be4 Rac8 42. Kg2 c3 43. Bc2 Bc6+ 44. Kh3 e5 45. Qd1 Bd7+ 46. Kh4 Rc4 47. g4 Bf2+ 0-1

[Event "Quebec op"]
[Site "Montreal"]
[Date "2004.07.21"]
[Round "6"]
[White "Bolduc, Steve"]
[Black "Singher, Jean Pierre"]
[Result "1-0"]
[WhiteElo "2145"]
[BlackElo "1935"]
[PlyCount "87"]
[EventDate "2004.07.17"]
[EventType "swiss"]
[EventRounds "9"]
[EventCountry "CAN"]
[SourceTitle "CBM 101 Extra"]
[Source "ChessBase"]
[SourceDate "2004.09.01"]
[SourceVersion "2"]
[SourceVersionDate "2004.09.01"]
[SourceQuality "1"]

1. d4 Nf6 2. c4 e6 3. Nc3 d5 4. Nf3 Be7 5. Bg5 Nbd7 6. e3 0-0 7. Rc1 c6 8. Bd3 b6 9. 0-0 Bb7 10. Re1 Re8 11. Qc2 Nf8 12. e4 dxc4 13. Bxc4 N6d7 14. Bf4 Ng6 15. Bg3 Nf6 16. Rcd1 Qc8 17. Ne5 Bb4 18. Qb3 Bxc3 19. bxc3 Nh5 20. Nxg6 Nxg3 21. Nf4 g5 22. hxg3 gxf4 23. gxf4 b5 24. Bf1 a6 25. c4 Qc7 26. Qg3+ Kh8 27. Qg5 Qd8 28. Qxd8 Rexd8 29. f3 Rd6 30. c5 Rd7 31. Kf2 Rad8 32. Ke3 f6 33. Rd2 Re7 34. g4 Kg7 35. f5 e5 36. dxe5 Rxd2 37. exf6+ Kxf6 38. Kxd2 Re5 39. Rc1 h5 40. gxh5 Bc8 41. Bh3 Kg5 42. Ke3 Kxh5 43. Bg4+ Kh4 44. Kf4 1-0

[Event "Montreal Pere Noel op"]
[Site "Montreal"]
[Date "2004.??.??"]
[Round "3"]
[White "Singher, Jean Pierre"]
[Black "Bouvier, Jesse"]
[Result "1/2-1/2"]
[WhiteElo "2073"]
[BlackElo "2046"]
[PlyCount "75"]
[EventDate "2004.12.??"]
[EventType "swiss"]
[EventRounds "5"]
[EventCountry "CAN"]
[SourceTitle "EXT 2006"]
[Source "ChessBase"]
[SourceDate "2005.11.24"]
[SourceVersion "1"]
[SourceVersionDate "2005.11.24"]
[SourceQuality "1"]

1. d4 d5 2. c4 Nc6 3. Nc3 e5 4. cxd5 Nxd4 5. e3 Nf5 6. Nf3 f6 7. Qa4+ Bd7 8. Qb3 Nd6 9. h3 Nh6 10. e4 Nhf7 11. Be3 Be7 12. a4 0-0 13. g4 g6 14. Rg1 c6 15. Bd3 Kh8 16. h4 Qa5 17. Ke2 Rae8 18. g5 c5 19. gxf6 Bxf6 20. Bb5 Nxb5 21. axb5 Qb4 22. Nd2 Nd6 23. Rxa7 Nxb5 24. Rxb7 Nd4+ 25. Bxd4 Qxb3 26. Nxb3 exd4 27. Rxd7 dxc3 28. bxc3 Rxe4+ 29. Kd3 Rf4 30. Nxc5 Rf3+ 31. Ke4 Rxc3 32. Ne6 Rb8 33. Rd1 Rb4+ 34. Rd4 Rxd4+ 35. Nxd4 Rc4 36. Rf7 Bxd4 37. Kd3 Ra4 38. Rf4 1/2-1/2

[Event "Quebec-ch qual 2"]
[Site "Montreal"]
[Date "2003.05.31"]
[Round "3"]
[White "Singher, Jean Pierre"]
[Black "Feoktistov, Dmitri"]
[Result "0-1"]
[WhiteElo "2006"]
[BlackElo "2302"]
[PlyCount "104"]
[EventDate "2003.05.??"]
[EventType "swiss"]
[EventRounds "5"]
[EventCountry "CAN"]
[SourceTitle "EXT 2006"]
[Source "ChessBase"]
[SourceDate "2005.11.24"]
[SourceVersion "1"]
[SourceVersionDate "2005.11.24"]
[SourceQuality "1"]

1. d4 Nf6 2. Nf3 e6 3. c4 b6 4. a3 Bb7 5. Nc3 d5 6. e3 Be7 7. cxd5 exd5 8. Bb5+ c6 9. Bd3 0-0 10. 0-0 c5 11. Ne5 Nc6 12. f4 cxd4 13. Nxc6 Bxc6 14. exd4 Bd6 15. Qf3 Re8 16. f5 Qd7 17. Qh3 Ne4 18. Qh5 Be7 19. Be3 Nf6 20. Qf3 b5 21. g4 Ne4 22. Rac1 b4 23. axb4 Bxb4 24. g5 Qe7 25. Na2 Rac8 26. Nxb4 Qxb4 27. g6 Nf6 28. gxf7+ Kxf7 29. Ba6 Bb7 30. Bxb7 Qxb7 31. Bg5 Rxc1 32. Bxc1 Qb6 33. Rd1 Re4 34. Kg2 Rxd4 35. Re1 Re4 36. Rd1 Qb5 37. Rd3 Qe8 38. Be3 Qe5 39. Rb3 Ng4 40. Rb7+ Kg8 41. Bg1 Re2+ 42. Kf1 Rf2+ 43. Qxf2 Nxf2 44. Bxf2 a6 45. Rb6 Qxf5 46. Ke2 Qe4+ 47. Kf1 h6 48. Kg1 a5 49. Rb7 d4 50. Ra7 d3 51. Rxa5 d2 52. Ra1 d1Q+ 0-1

[Event "Montreal op 06"]
[Site "Montreal"]
[Date "2002.06.08"]
[Round "3"]
[White "Singher, Jean Pierre"]
[Black "Forget, Luc"]
[Result "1-0"]
[WhiteElo "1981"]
[BlackElo "1842"]
[PlyCount "81"]
[EventDate "2002.06.07"]
[EventType "swiss"]
[EventRounds "5"]
[EventCountry "CAN"]
[SourceTitle "EXT 2009"]
[Source "ChessBase"]
[SourceDate "2008.11.26"]
[SourceVersion "1"]
[SourceVersionDate "2008.11.26"]
[SourceQuality "1"]

1. d4 Nf6 2. c4 e6 3. Nf3 b6 4. a3 Bb7 5. Nc3 d5 6. cxd5 exd5 7. Bg5 Be7 8. e3 0-0 9. Bd3 Nbd7 10. Rc1 c5 11. 0-0 a6 12. Bb1 c4 13. Qe2 b5 14. Rfd1 Ne4 15. Bf4 g6 16. Bh6 Re8 17. Nxe4 dxe4 18. Nd2 Bd6 19. f4 f5 20. Bg5 Be7 21. h4 h5 22. Ba2 Bd5 23. b3 cxb3 24. Nxb3 Bxg5 25. Na5 Nb6 26. Nc6 Qd6 27. hxg5 Rac8 28. Ne5 Kg7 29. Rc5 Red8 30. Rdc1 Qb8 31. Bxd5 Rxd5 32. Rc6 Rd6 33. Rxc8 Nxc8 34. Qa2 Qb7 35. Rxc8 Qxc8 36. Qf7+ Kh8 37. Nxg6+ Rxg6 38. Qxg6 Qc1+ 39. Kh2 Qxe3 40. Qxh5+ Kg7 41. Qh6+ 1-0

[Event "Montreal op 06"]
[Site "Montreal"]
[Date "2002.06.07"]
[Round "1"]
[White "Singher, Jean Pierre"]
[Black "Bolduc, Steve"]
[Result "0-1"]
[WhiteElo "1981"]
[BlackElo "2245"]
[PlyCount "70"]
[EventDate "2002.06.07"]
[EventType "swiss"]
[EventRounds "5"]
[EventCountry "CAN"]
[SourceTitle "EXT 2009"]
[Source "ChessBase"]
[SourceDate "2008.11.26"]
[SourceVersion "1"]
[SourceVersionDate "2008.11.26"]
[SourceQuality "1"]

1. d4 Nf6 2. c4 c5 3. e3 g6 4. Nc3 Bg7 5. Nf3 0-0 6. Be2 a6 7. 0-0 Qc7 8. b3 Rd8 9. Ba3 b6 10. Rc1 d6 11. d5 Bd7 12. b4 Be8 13. bxc5 bxc5 14. Bb2 Nbd7 15. Qc2 Rdb8 16. Ba1 Qa5 17. h3 Rb4 18. Nd2 Rab8 19. f4 Qc7 20. g4 Nf8 21. g5 N6d7 22. e4 Qb7 23. Nf3 Nb6 24. a3 Rxc4 25. Bxc4 Nxc4 26. Rb1 Qc7 27. Rxb8 Qxb8 28. Rb1 Qc8 29. Qa2 Qxh3 30. Kf2 Ne3 31. Qe2 Ng4+ 32. Ke1 Qg3+ 33. Kd1 Qxf4 34. Rb8 Bxc3 35. Bxc3 Ba4+ 0-1